Decisions of the special session of the Madjelis Permusjawaratan Rakjat Sementara (The Provisional People's Consultative Assembly) 7th March-12th March, 1967. (Record no. 87556)

MARC details
000 -LEADER
fixed length control field 00800cam a22002291 4500
001 - CONTROL NUMBER
control field sa 68017168
003 - CONTROL NUMBER IDENTIFIER
control field DLC
005 - DATE AND TIME OF LATEST TRANSACTION
control field 20260227112700.0
008 - FIXED-LENGTH DATA ELEMENTS--GENERAL INFORMATION
fixed length control field 720410s1968 io 000 0 eng
010 ## - LIBRARY OF CONGRESS CONTROL NUMBER
LC control number sa 68017168
025 ## - OVERSEAS ACQUISITION NUMBER
Overseas acquisition number PL480:Indo-7769
040 ## - CATALOGING SOURCE
Original cataloging agency DLC
Transcribing agency DLC
Modifying agency DLC
043 ## - GEOGRAPHIC AREA CODE
Geographic area code a-io---
050 00 - LIBRARY OF CONGRESS CALL NUMBER
Classification number J631
Item number .H53
082 00 - DEWEY DECIMAL CLASSIFICATION NUMBER
Classification number 320.9/91
110 1# - MAIN ENTRY--CORPORATE NAME
Corporate name or jurisdiction name as entry element Indonesia.
Subordinate unit Majelis Permusyawaratan Rakyat.
245 10 - TITLE STATEMENT
Title Decisions of the special session of the Madjelis Permusjawaratan Rakjat Sementara (The Provisional People's Consultative Assembly) 7th March-12th March, 1967.
260 ## - PUBLICATION, DISTRIBUTION, ETC.
Place of publication, distribution, etc. [Djakarta]
Name of publisher, distributor, etc. Dept. of Information, Republic of Indonesia
Date of publication, distribution, etc. [1968]
300 ## - PHYSICAL DESCRIPTION
Extent 19 p.
Dimensions 21 cm.
500 ## - GENERAL NOTE
General note "Special issue, no. 031/1968."
651 #0 - SUBJECT ADDED ENTRY--GEOGRAPHIC NAME
Geographic name Indonesia
General subdivision Politics and government
Chronological subdivision 1966-1998.

No items available.

Powered by Koha